| Tag |
First Indicator |
Second Indicator |
Subfields |
| LEADER |
00000cam a2200000 i 4500 |
| 001 |
in00000298607 |
| 005 |
20151010153359.0 |
| 008 |
781005s1977 maua b 00110 eng |
| 010 |
|
|
|a 78106438
|
| 020 |
|
|
|a 0879232021 :
|c $12.50.
|
| 020 |
|
|
|a 087923203X (pbk.)
|
| 035 |
|
|
|a (OCoLC)03156932
|
| 035 |
|
|
|9 ABJ1508AM
|
| 040 |
|
|
|a DLC
|c DLC
|d TXA
|d UtOrBLW
|
| 049 |
|
|
|a TXAM
|c [1613730]
|
| 050 |
0 |
0 |
|a SB321
|b .B92
|
| 082 |
0 |
|
|a 635
|
| 100 |
1 |
|
|a Bubel, Nancy.
|
| 245 |
1 |
0 |
|a Vegetables money can't buy, but you can grow /
|c Nancy Wilkes Bubel.
|
| 264 |
|
1 |
|a Boston :
|b D. R. Godine,
|c 1977.
|
| 300 |
|
|
|a 144 pages :
|b illustrations ;
|c 24 cm.
|
| 336 |
|
|
|a text
|b txt
|2 rdacontent
|
| 337 |
|
|
|a unmediated
|b n
|2 rdamedia
|
| 338 |
|
|
|a volume
|b nc
|2 rdacarrier
|
| 500 |
|
|
|a Includes index.
|
| 504 |
|
|
|a Bibliography: pages 138-139.
|
| 650 |
|
0 |
|a Vegetable gardening.
|
| 999 |
|
|
|a MARS
|
| 999 |
f |
f |
|s e35b691e-5adf-3c90-8628-ddd2eccc82da
|i d0453224-be16-36ba-a210-2c92239680b7
|t 0
|
| 952 |
f |
f |
|p ric
|a Texas A&M University
|b Rellis Campus
|c Joint Library Facility
|d Remote Storage
|t 0
|e SB321 .B92
|h Library of Congress classification
|i unmediated -- volume
|m A14805199259
|
| 998 |
f |
f |
|a SB321 .B92
|t 0
|l Remote Storage
|